Звичайний вигляд
Перегляд у МАРК
Входження „Personal Name“
Кількість записів, які використовуються: 1
001 - CONTROL NUMBER
- control field: 1656
003 - CONTROL NUMBER IDENTIFIER
- control field: UA-OsUOA
005 - DATE AND TIME OF LATEST TRANSACTION
- control field: 20240209095357.0
008 - FIXED-LENGTH DATA ELEMENTS
- fixed length control field: 240209|| aca||aabn | a|a d
040 ## - CATALOGING SOURCE
- Original cataloging agency: UA-OsUOA
- Transcribing agency: UA-OsUOA
100 ## - HEADING--PERSONAL NAME
- Personal name: Бернада Є. В
670 ## - SOURCE DATA FOUND
- Source citation: Work cat.: (UA-OsUOA)575864: Бернада Є. В., Цивільно-правові наслідки недійсності правочину, 2018